000 00696nam a2200277Ia 4500
005 20260324121049.0
008 008 260324s9999 xx 000 0 eng d
020 _a9781003112921
037 _aEBOOK
040 _aCRL
040 _beng
040 _cCRL
041 _2eng
041 _aeng
084 _qCRL
100 _aRobert M Morris; Paul Lawrence; Francis Dodsworth
_91160889
245 4 _aThe Making of the Modern Police, 1780–1914, Part I Vol 2
260 _bTaylor and Francis
260 _c2014
365 _a
365 _b290
856 _uhttp://www.taylorfrancis.com/books/9781003112921
942 _cEBOOK
999 _c1752917
_d1752917